Entry Nombre personal
001 - NÚMERO DE CONTROL
- campo de control: 13702
003 - IDENTIFICADOR DEL NÚMERO DE CONTROL
- campo de control: DO-SdBNP
005 - FECHA Y HORA DE LA ÚLTIMA TRANSACCIÓN
- campo de control: 20240625135917.0
008 - DATOS DE LONGITUD FIJA
- campo de control de longitud fija: 200615|| aca||aabn | a|a d
010 ## - NÚMERO DE CONTROL DE LA BIBLIOTECA DEL CONGRESO
- Número de control de LC: n 96033772
040 ## - FUENTE DE LA CATALOGACIÓN
- Centro catalogador/agencia de origen: DO-SdBNP
- Lengua de catalogación: spa
- Centro/agencia transcriptor: BNPHU
- Normas de descripción: rda
046 ## - FECHAS CON CODIFICACIÓN ESPECIAL
- Fecha de nacimiento: 1967-
100 1# - ENCABEZAMIENTO-NOMBRE DE PERSONA
- Nombre de persona: González, Daniuska,
- Fechas asociadas al nombre: 1967-
370 ## - LUGAR ASOCIADO
- País asociado: Cuba
375 ## - GÉNERO/SEXO
- Género/Sexo: Femenino
377 ## - LENGUA/LENGUAJE ASOCIADO
- Código del idioma: spa
400 1# - TRAZADO DE VÉASE--NOMBRE DE PERSONA
- Nombre de persona: González González, Daniuska,
- Fechas asociadas al nombre: 1967-
670 ## - FUENTE DE DATOS ENCONTRADOS
- Cita de la fuente: Work cat.: (OSt)4509: González, Daniuska, 1967-, Las iniciales del tiempo /, 2001.
670 ## - FUENTE DE DATOS ENCONTRADOS
- Cita de la fuente: Poetas cubanos actuales, 1995
670 ## - FUENTE DE DATOS ENCONTRADOS
- Cita de la fuente: Palabra de la muerte, 1998
